[Event "POL-chT U20"]
[Site "Suchedniow"]
[Date "2016.07.25"]
[Round "3.26"]
[White "Delekta, Filip"]
[Black "Kowalski, Igor"]
[Result "1/2-1/2"]
[WhiteElo "2209"]
[BlackElo "2131"]
[PlyCount "72"]
[EventDate "2016.07.23"]
[EventType "team-tourn"]
[EventRounds "9"]
[EventCountry "POL"]
[SourceTitle "EXT 2019"]
[Source "ChessBase"]
[SourceDate "2018.10.10"]
[SourceVersion "1"]
[SourceVersionDate "2018.10.10"]
[SourceQuality "1"]

1. c4 Nf6 2. Nc3 e6 3. d4 Bb4 4. a3 Bxc3+ 5. bxc3 0-0 6. Nf3 b6 7. Bg5 Bb7 8. e3 h6 9. Bxf6 Qxf6 10. Bd3 d6 11. 0-0 c5 12. Nd2 Nc6 13. Qg4 Rac8 14. Qg3 Qe7 15. f4 f5 16. d5 Na5 17. e4 exd5 18. exd5 Qf6 19. Bc2 Ba6 20. Qd3 Rce8 21. Rae1 Re7 22. Ba4 Rff7 23. g3 Rxe1 24. Rxe1 Re7 25. Rxe7 Qxe7 26. Kf2 g6 27. Bb5 Bxb5 28. cxb5 Kf7 29. Qe3 Qxe3+ 30. Kxe3 Kf6 31. Kf3 Ke7 32. g4 Kf6 33. gxf5 gxf5 34. Kg3 Kf7 35. Kf3 Kg6 36. Kg3 Kf7 1/2-1/2

[Event "POL-chT U19 46th"]
[Site "Ustron"]
[Date "2015.07.30"]
[Round "6.8"]
[White "Delekta, Filip"]
[Black "Mirski, Michal"]
[Result "1-0"]
[WhiteElo "2110"]
[BlackElo "1922"]
[PlyCount "41"]
[EventDate "2015.07.25"]
[EventType "team-tourn"]
[EventRounds "9"]
[EventCountry "POL"]
[SourceTitle "EXT 2018"]
[Source "ChessBase"]
[SourceDate "2017.10.13"]
[SourceVersion "1"]
[SourceVersionDate "2017.10.13"]
[SourceQuality "1"]
[WhiteTeam "Gorzow Wielkopolski Stilon U19"]
[BlackTeam "Trzebinia UKS Hetman Koronny U19 II"]
[WhiteTeamCountry "POL"]
[BlackTeamCountry "POL"]

1. c4 d6 2. Nc3 e5 3. g3 g6 4. d4 Nc6 5. dxe5 dxe5 6. Qxd8+ Nxd8 7. Nf3 Bg7 8. Nd5 Kd7 9. Bg5 Ne6 10. 0-0-0 Nd4 11. Bh3+ f5 12. Nxd4 exd4 13. Bf4 c6 14. Nc7 Rb8 15. Ne6 Bh6 16. Ng5 Bxg5 17. Rxd4+ Ke6 18. Bxg5 Nf6 19. Rhd1 Ne8 20. Re4+ Kf7 21. Re7+ 1-0

[Event "POL-ch U18"]
[Site "Karpacz"]
[Date "2015.03.22"]
[Round "9"]
[White "Delekta, Filip"]
[Black "Sliwicki, Damian"]
[Result "1-0"]
[WhiteElo "2032"]
[BlackElo "2107"]
[PlyCount "37"]
[EventDate "2015.03.15"]
[EventType "swiss"]
[EventRounds "9"]
[EventCountry "POL"]
[SourceTitle "EXT 2017"]
[Source "ChessBase"]
[SourceDate "2016.10.25"]
[SourceVersion "1"]
[SourceVersionDate "2016.10.25"]
[SourceQuality "1"]

1. e4 c5 2. Nf3 e6 3. d4 cxd4 4. Nxd4 a6 5. Bd3 Bc5 6. Nb3 Ba7 7. c4 Ne7 8. Nc3 Nbc6 9. 0-0 Qc7 10. Kh1 Ne5 11. f4 Nxc4 12. Qe2 Na5 13. f5 Nxb3 14. axb3 d6 15. Bg5 Nc6 16. Bc4 b5 17. fxe6 bxc4 18. Nd5 Qb8 19. exf7+ 1-0

[Event "POL-ch U18"]
[Site "Karpacz"]
[Date "2015.03.17"]
[Round "3"]
[White "Delekta, Filip"]
[Black "Kaczmarek, Aleksander"]
[Result "0-1"]
[WhiteElo "2032"]
[BlackElo "2323"]
[PlyCount "34"]
[EventDate "2015.03.15"]
[EventType "swiss"]
[EventRounds "9"]
[EventCountry "POL"]
[SourceTitle "EXT 2017"]
[Source "ChessBase"]
[SourceDate "2016.10.25"]
[SourceVersion "1"]
[SourceVersionDate "2016.10.25"]
[SourceQuality "1"]

1. Nf3 g6 2. e4 Bg7 3. d4 c6 4. h3 d5 5. e5 f6 6. Bf4 Qb6 7. b3 fxe5 8. Bxe5 Nf6 9. c4 Nbd7 10. Bxf6 Nxf6 11. Bd3 Ne4 12. 0-0 0-0 13. cxd5 cxd5 14. Qe2 Ng3 15. fxg3 Bxd4+ 16. Kh2 Bxa1 17. Qxe7 Bf6 0-1

[Event "Olsztyn op U18 blitz"]
[Site "Olsztyn"]
[Date "2013.08.04"]
[Round "13"]
[White "Delekta, Filip"]
[Black "Kucza, Karol"]
[Result "1/2-1/2"]
[WhiteElo "1951"]
[BlackElo "1968"]
[PlyCount "77"]
[EventDate "2013.08.03"]
[EventType "swiss (blitz)"]
[EventRounds "22"]
[EventCountry "POL"]
[SourceTitle "CBM 155 Extra"]
[Source "ChessBase"]
[SourceDate "2013.08.26"]
[SourceVersion "1"]
[SourceVersionDate "2013.08.26"]
[SourceQuality "1"]

1. e4 e5 2. Nc3 Nf6 3. Bc4 Nxe4 4. Qh5 Nd6 5. Bb3 Be7 6. Nf3 Nc6 7. Nxe5 g6 8. Nxc6 dxc6 9. Qf3 0-0 10. d4 Nf5 11. Be3 Nxd4 12. Bxd4 Qxd4 13. 0-0 Bg4 14. Qg3 Bd6 15. Qh4 Qf4 16. Rae1 Rae8 17. f3 Bf5 18. Qxf4 Bxf4 19. g4 Be6 20. Ne4 f5 21. Bxe6+ Rxe6 22. Nc5 Rxe1 23. Rxe1 b6 24. Nd3 Bd6 25. Kg2 fxg4 26. fxg4 Kf7 27. h3 Re8 28. Rf1+ Ke6 29. Re1+ Kd7 30. Rxe8 Kxe8 31. b3 Kd7 32. Kf3 Ke6 33. Ke4 a6 34. a4 a5 35. c4 c5 36. Ne1 Be7 37. Nf3 Bf6 38. Nd2 c6 39. Nf3 1/2-1/2

[Event "Olsztyn op U18 blitz"]
[Site "Olsztyn"]
[Date "2013.08.03"]
[Round "10"]
[White "Delekta, Filip"]
[Black "Piotrowski, Przemyslaw"]
[Result "1-0"]
[WhiteElo "1951"]
[BlackElo "2038"]
[PlyCount "103"]
[EventDate "2013.08.03"]
[EventType "swiss (blitz)"]
[EventRounds "22"]
[EventCountry "POL"]
[SourceTitle "CBM 155 Extra"]
[Source "ChessBase"]
[SourceDate "2013.08.26"]
[SourceVersion "1"]
[SourceVersionDate "2013.08.26"]
[SourceQuality "1"]

1. e4 g6 2. d4 Bg7 3. Nf3 d6 4. Be3 Nd7 5. Nbd2 e5 6. c3 Ngf6 7. Bd3 0-0 8. 0-0 Ng4 9. h3 Nxe3 10. fxe3 f5 11. exf5 gxf5 12. e4 f4 13. Kh2 Kh8 14. Bc2 Qf6 15. Qe2 Qg6 16. Qf2 Bf6 17. g3 Bg5 18. Nxg5 Qxg5 19. Nf3 fxg3+ 20. Qxg3 Qxg3+ 21. Kxg3 b6 22. Ng5 Ba6 23. Rxf8+ Rxf8 24. Ne6 Rg8+ 25. Kh4 c5 26. d5 Nf6 27. b3 Bc8 28. Rf1 Rg6 29. Rf5 Kg8 30. Rg5 Bxe6 31. dxe6 Kg7 32. e7 Rxg5 33. Kxg5 Kf7 34. Kf5 Kxe7 35. Bd1 Kf7 36. Be2 Ne8 37. Bh5+ Ke7 38. Bxe8 Kxe8 39. Ke6 Kf8 40. Kxd6 Kf7 41. Kxe5 Ke7 42. Kf5 Kf7 43. e5 Ke7 44. e6 h5 45. h4 a6 46. Ke5 a5 47. c4 Ke8 48. Kd6 Kd8 49. e7+ Ke8 50. Ke6 a4 51. bxa4 b5 52. a5 1-0

[Event "Olsztyn op U18 blitz"]
[Site "Olsztyn"]
[Date "2013.08.03"]
[Round "11"]
[White "Delekta, Filip"]
[Black "Tomaszewski, Kacper"]
[Result "1-0"]
[WhiteElo "1951"]
[BlackElo "1951"]
[PlyCount "45"]
[EventDate "2013.08.03"]
[EventType "swiss (blitz)"]
[EventRounds "22"]
[EventCountry "POL"]
[SourceTitle "CBM 155 Extra"]
[Source "ChessBase"]
[SourceDate "2013.08.26"]
[SourceVersion "1"]
[SourceVersionDate "2013.08.26"]
[SourceQuality "1"]

1. e4 c5 2. Nf3 e6 3. d4 cxd4 4. Nxd4 Nc6 5. Nb5 Nf6 6. N1c3 d6 7. Bf4 e5 8. Bg5 a6 9. Na3 b5 10. Nd5 Be7 11. Nxe7 Qxe7 12. c4 b4 13. Nc2 Rb8 14. Ne3 Be6 15. Nd5 Bxd5 16. cxd5 Nd4 17. Bd3 0-0 18. 0-0 a5 19. f4 h6 20. fxe5 hxg5 21. exf6 Qa7 22. Kh1 Rfc8 23. Qh5 1-0

[Event "Olsztyn op U18 blitz"]
[Site "Olsztyn"]
[Date "2013.08.03"]
[Round "9"]
[White "Piotrowski, Przemyslaw"]
[Black "Delekta, Filip"]
[Result "0-1"]
[WhiteElo "2038"]
[BlackElo "1951"]
[PlyCount "84"]
[EventDate "2013.08.03"]
[EventType "swiss (blitz)"]
[EventRounds "22"]
[EventCountry "POL"]
[SourceTitle "CBM 155 Extra"]
[Source "ChessBase"]
[SourceDate "2013.08.26"]
[SourceVersion "1"]
[SourceVersionDate "2013.08.26"]
[SourceQuality "1"]

1. Nf3 c5 2. g3 g6 3. Bg2 Bg7 4. 0-0 e6 5. d3 Ne7 6. e4 0-0 7. Nbd2 d5 8. Re1 Nbc6 9. c3 b6 10. Qc2 Bb7 11. Nf1 Qd7 12. e5 Rac8 13. h4 b5 14. N1h2 d4 15. Ng4 Rfd8 16. Rd1 h5 17. Nh6+ Kf8 18. Qd2 Nxe5 19. Nxe5 Bxe5 20. Bxb7 Qxb7 21. Qe2 Bg7 22. g4 Qd5 23. c4 bxc4 24. dxc4 Qe5 25. Qf3 Qf6 26. Qxf6 Bxf6 27. gxh5 gxh5 28. Bg5 Kg7 29. Bxf6+ Kxf6 30. Rd3 Kg6 31. Rf3 Kxh6 32. Rxf7 Rg8+ 33. Kh1 Rg7 34. Rf6+ Kh7 35. Re1 Rc6 36. Re5 Ng6 37. Rxh5+ Kg8 38. Rh6 Ne5 39. b3 d3 40. Rxe6 Rxe6 41. Rxe6 Rd7 42. Rxe5 d2 0-1

[Event "Olsztyn op U18 rapid"]
[Site "Olsztyn"]
[Date "2013.08.01"]
[Round "3"]
[White "Delekta, Filip"]
[Black "Jarmula, Lukasz"]
[Result "0-1"]
[WhiteElo "1951"]
[BlackElo "2250"]
[PlyCount "52"]
[EventDate "2013.08.01"]
[EventType "swiss (rapid)"]
[EventRounds "11"]
[EventCountry "POL"]
[SourceTitle "CBM 155 Extra"]
[Source "ChessBase"]
[SourceDate "2013.08.26"]
[SourceVersion "1"]
[SourceVersionDate "2013.08.26"]
[SourceQuality "1"]

1. e4 c5 2. Nf3 d6 3. d4 cxd4 4. Qxd4 Nc6 5. Bb5 Bd7 6. Bxc6 Bxc6 7. c4 Nf6 8. Nc3 g6 9. 0-0 Bg7 10. Re1 0-0 11. Qd3 Nd7 12. b4 b5 13. Bb2 bxc4 14. Qxc4 Rc8 15. Rac1 Ne5 16. Nxe5 Bxe5 17. b5 Bb7 18. Qb3 e6 19. g3 Qf6 20. b6 axb6 21. Kg2 g5 22. f3 Rc6 23. Na4 Rxc1 24. Rxc1 g4 25. Rc7 Ba8 26. Bc1 d5 0-1

[Event "Karpacz op-A 6th"]
[Site "Karpacz"]
[Date "2013.02.21"]
[Round "6"]
[White "Sieciechowicz, Marcin"]
[Black "Delekta, Filip"]
[Result "1-0"]
[WhiteElo "2455"]
[BlackElo "1934"]
[PlyCount "55"]
[EventDate "2013.02.16"]
[EventType "swiss"]
[EventRounds "9"]
[EventCountry "POL"]
[SourceTitle "CBM 153 Extra"]
[Source "ChessBase"]
[SourceDate "2013.04.22"]
[SourceVersion "1"]
[SourceVersionDate "2013.04.22"]
[SourceQuality "1"]

1. d4 Nf6 2. c4 c5 3. d5 b5 4. cxb5 a6 5. b6 g6 6. Nc3 Bb7 7. e4 d6 8. Nf3 Bg7 9. a4 Qxb6 10. a5 Qc7 11. Be2 0-0 12. 0-0 Nbd7 13. Nd2 e5 14. Nc4 Ne8 15. Be3 f5 16. f3 Nef6 17. Qd2 Nh5 18. Rfc1 Ndf6 19. Nb6 Rad8 20. b4 cxb4 21. Nb5 Qb8 22. Nc7 fxe4 23. Ne6 Nf4 24. Bxf4 exf4 25. Rab1 Qa7 26. Kh1 Kh8 27. Rc7 Ne8 28. Rxb7 1-0

[Event "POL-ch U16"]
[Site "Szczyrk"]
[Date "2013.??.??"]
[Round "3"]
[White "Jarmula, Lukasz"]
[Black "Delekta, Filip"]
[Result "1-0"]
[WhiteElo "2164"]
[BlackElo "1934"]
[PlyCount "63"]
[EventDate "2013.03.17"]
[EventType "swiss"]
[EventRounds "9"]
[EventCountry "POL"]
[SourceTitle "CBM 153 Extra"]
[Source "ChessBase"]
[SourceDate "2013.04.22"]
[SourceVersion "1"]
[SourceVersionDate "2013.04.22"]
[SourceQuality "1"]

1. d4 Nf6 2. c4 c5 3. d5 b5 4. cxb5 a6 5. bxa6 g6 6. Nc3 Bg7 7. Nb1 Bf8 8. Nc3 Bg7 9. Nf3 Bxa6 10. e4 Bxf1 11. Kxf1 d6 12. g3 0-0 13. Kg2 Na6 14. Nd2 Nc7 15. Nc4 Ra6 16. Qf3 Qa8 17. Bg5 h6 18. Bxf6 Bxf6 19. h4 Rb8 20. h5 g5 21. Ne3 Rxb2 22. Nf5 Qf8 23. Rab1 Rxb1 24. Rxb1 Ra3 25. Rb7 Rxc3 26. Qg4 Na6 27. e5 dxe5 28. Qa4 Qc8 29. Rxe7 Nc7 30. Nxh6+ Kg7 31. Rxf7+ Kxh6 32. Qe4 1-0

[Event "Klementowice Gr-A 3rd"]
[Site "Klementowice"]
[Date "2012.08.18"]
[Round "2.1"]
[White "Delekta, Filip"]
[Black "Delekta, Piotr"]
[Result "1/2-1/2"]
[WhiteElo "1848"]
[BlackElo "2242"]
[PlyCount "38"]
[EventDate "2012.08.17"]
[EventType "swiss"]
[EventRounds "9"]
[EventCountry "POL"]
[SourceTitle "EXT 2023"]
[Source "ChessBase"]
[SourceDate "2022.10.05"]
[SourceVersion "1"]
[SourceVersionDate "2022.10.05"]
[SourceQuality "1"]

1. e4 e6 2. d4 d5 3. exd5 exd5 4. Bd3 Bd6 5. Ne2 Ne7 6. Bf4 Bf5 7. Bxf5 Nxf5 8. 0-0 Bxf4 9. Nxf4 0-0 10. c3 c6 11. Qd3 Nd6 12. Nd2 Nd7 13. Rae1 Qf6 14. Nh5 Qg6 15. Qxg6 hxg6 16. Nf4 Rfe8 17. f3 Kf8 18. Kf2 Rxe1 19. Rxe1 Re8 1/2-1/2

[Event "POL-chT U19 43th"]
[Site "Suchedniow"]
[Date "2012.07.??"]
[Round "7"]
[White "Delekta, Filip"]
[Black "Kosakowski, Jakub"]
[Result "1-0"]
[WhiteElo "1848"]
[BlackElo "1619"]
[PlyCount "41"]
[EventDate "2012.07.21"]
[EventType "team-tourn"]
[EventRounds "9"]
[EventCountry "POL"]
[SourceTitle "EXT 2014"]
[Source "ChessBase"]
[SourceDate "2013.11.20"]
[SourceVersion "1"]
[SourceVersionDate "2013.11.20"]
[SourceQuality "1"]
[WhiteTeam "Gorzow Wielkopolski Stilon U19"]
[BlackTeam "Bialystok MUKS Stoczek 45 U19"]
[WhiteTeamCountry "POL"]
[BlackTeamCountry "POL"]

1. e4 c5 2. Nf3 d6 3. d4 cxd4 4. Nxd4 Nf6 5. Nc3 a6 6. Bc4 e6 7. Bb3 Be7 8. 0-0 0-0 9. f4 b5 10. Qf3 Qc7 11. g4 Nc6 12. Nxc6 Qxc6 13. g5 Nd7 14. f5 Ne5 15. Qf4 Re8 16. Be3 Bd7 17. Ne2 Bf8 18. Nd4 Qc7 19. Nf3 Nc4 20. g6 hxg6 21. fxg6 1-0

[Event "POL-chT U19 43th"]
[Site "Suchedniow"]
[Date "2012.07.??"]
[Round "8"]
[White "Drop, Szymon"]
[Black "Delekta, Filip"]
[Result "1/2-1/2"]
[WhiteElo "1766"]
[BlackElo "1848"]
[PlyCount "81"]
[EventDate "2012.07.21"]
[EventType "team-tourn"]
[EventRounds "9"]
[EventCountry "POL"]
[SourceTitle "EXT 2014"]
[Source "ChessBase"]
[SourceDate "2013.11.20"]
[SourceVersion "1"]
[SourceVersionDate "2013.11.20"]
[SourceQuality "1"]
[WhiteTeam "Chrzanow UKS SP 8 U19"]
[BlackTeam "Gorzow Wielkopolski Stilon U19"]
[WhiteTeamCountry "POL"]
[BlackTeamCountry "POL"]

1. e4 c5 2. Nf3 e6 3. d4 cxd4 4. Nxd4 Nc6 5. Nc3 Qc7 6. Be3 Nf6 7. Bd3 a6 8. 0-0 Ne5 9. h3 Nc4 10. Bxc4 Qxc4 11. Qd3 Qxd3 12. cxd3 d6 13. Nb3 b5 14. f3 Bd7 15. d4 b4 16. Ne2 Bb5 17. Kf2 d5 18. e5 Nd7 19. Rfc1 f6 20. f4 fxe5 21. dxe5 Bc4 22. Nd2 Bxe2 23. Kxe2 g5 24. g3 gxf4 25. gxf4 Bh6 26. Rc6 Kf7 27. f5 Bxe3 28. fxe6+ Ke7 29. exd7 Bxd2 30. Kxd2 Kxd7 31. Rd6+ Ke7 32. Rxd5 Ke6 33. Ra5 Rhd8+ 34. Ke3 Rd5 35. Rxd5 Kxd5 36. Rd1+ Kxe5 37. Rd7 Rg8 38. Rxh7 Rg3+ 39. Kf2 Rd3 40. Ke2 Rg3 41. Kf2 1/2-1/2

[Event "POL-chT U19 43th"]
[Site "Suchedniow"]
[Date "2012.07.??"]
[Round "5"]
[White "Karwowski, Kacper"]
[Black "Delekta, Filip"]
[Result "0-1"]
[WhiteElo "1833"]
[BlackElo "1848"]
[PlyCount "68"]
[EventDate "2012.07.21"]
[EventType "team-tourn"]
[EventRounds "9"]
[EventCountry "POL"]
[SourceTitle "EXT 2014"]
[Source "ChessBase"]
[SourceDate "2013.11.20"]
[SourceVersion "1"]
[SourceVersionDate "2013.11.20"]
[SourceQuality "1"]
[WhiteTeam "Grzybowo GKSz Solny U19"]
[BlackTeam "Gorzow Wielkopolski Stilon U19"]
[WhiteTeamCountry "POL"]
[BlackTeamCountry "POL"]

1. e4 c5 2. Nf3 e6 3. d4 cxd4 4. Nxd4 Nc6 5. Nc3 Qc7 6. Be3 a6 7. Be2 Nf6 8. 0-0 Be7 9. Kh1 b5 10. f3 Bb7 11. g4 h6 12. Qe1 g5 13. Rd1 b4 14. Nb1 h5 15. Bf2 Nxd4 16. Rxd4 hxg4 17. Bg3 Qb6 18. Be5 g3 19. Qxg3 Nh5 20. Qf2 f6 21. f4 fxe5 22. Bxh5+ Rxh5 23. fxe5 Rh7 24. Nd2 Bc6 25. Nc4 Qc5 26. a3 bxa3 27. b4 Qa7 28. Nd6+ Bxd6 29. exd6 0-0-0 30. Qf6 Rdh8 31. Rf2 a2 32. Rc4 Qxf2 33. Qxf2 a1Q+ 34. Kg2 Rxh2+ 0-1

[Event "Sudety op 5th"]
[Site "Szklarska Poreba"]
[Date "2012.06.09"]
[Round "8"]
[White "Piankov, Evgenij"]
[Black "Delekta, Filip"]
[Result "1/2-1/2"]
[WhiteElo "2359"]
[BlackElo "1828"]
[PlyCount "100"]
[EventDate "2012.06.04"]
[EventType "swiss"]
[EventRounds "9"]
[EventCountry "POL"]
[SourceTitle "CBM 148 Extra"]
[Source "ChessBase"]
[SourceDate "2012.06.22"]
[SourceVersion "1"]
[SourceVersionDate "2012.06.22"]
[SourceQuality "1"]

1. d4 Nf6 2. Nf3 g6 3. Bf4 d6 4. e3 Bg7 5. Bc4 0-0 6. 0-0 c5 7. c3 Nbd7 8. Nbd2 Nh5 9. Bg5 h6 10. Bh4 g5 11. Bg3 e6 12. a3 Nxg3 13. hxg3 a6 14. Qc2 b5 15. Ba2 Bb7 16. Rad1 Qc7 17. Rfe1 Rfd8 18. Nf1 Nf8 19. g4 Ng6 20. Ng3 Rf8 21. Bb1 Rae8 22. a4 bxa4 23. dxc5 dxc5 24. Qxa4 Rd8 25. Ne4 Qb6 26. Qa3 f5 27. gxf5 exf5 28. Nxc5 Bxf3 29. gxf3 Nh4 30. Qa2+ Kh8 31. Ne6 Nxf3+ 32. Kf1 Nxe1 33. Nxd8 Rxd8 34. Rxd8+ Qxd8 35. Kxe1 f4 36. exf4 Qe8+ 37. Kd2 Qb5 38. Bd3 Qb6 39. Ke2 gxf4 40. Bxa6 f3+ 41. Kxf3 Qc6+ 42. Ke3 Qc5+ 43. Ke2 Qh5+ 44. Ke1 Qh1+ 45. Bf1 Qe4+ 46. Be2 Qc2 47. f3 Bxc3+ 48. Kf1 Qc1+ 49. Kg2 Qg5+ 50. Kh3 Qh5+ 1/2-1/2

[Event "Solina Mind Sports U14 op"]
[Site "Solina"]
[Date "2012.04.18"]
[Round "5"]
[White "Tomczak, Mikolaj"]
[Black "Delekta, Filip"]
[Result "1-0"]
[WhiteElo "1836"]
[BlackElo "1820"]
[PlyCount "75"]
[EventDate "2012.04.15"]
[EventType "swiss"]
[EventRounds "9"]
[EventCountry "POL"]
[SourceTitle "EXT 2014"]
[Source "ChessBase"]
[SourceDate "2013.11.20"]
[SourceVersion "1"]
[SourceVersionDate "2013.11.20"]
[SourceQuality "1"]

1. e4 c5 2. Nf3 Nc6 3. d4 cxd4 4. Nxd4 Qb6 5. Nb3 Nf6 6. Nc3 e6 7. Be3 Qc7 8. a3 a6 9. Be2 b5 10. 0-0 d6 11. f4 Bb7 12. Bf3 h5 13. Kh1 Be7 14. Qe1 h4 15. Qf2 g6 16. Rae1 Nh5 17. Kg1 Bf6 18. f5 Bxc3 19. bxc3 Qe7 20. fxe6 fxe6 21. Qd2 Ne5 22. Bg5 Nc4 23. Qc1 Qh7 24. Nd2 Rc8 25. Nxc4 Rxc4 26. Bxh5 gxh5 27. Qf4 Kd7 28. Rd1 d5 29. Rfe1 Rg8 30. Bxh4 Rg4 31. Qf6 Rcxe4 32. Qd8+ Kc6 33. Be7 Rxg2+ 34. Kxg2 Qg6+ 35. Kh1 e5 36. Qxd5+ Kb6 37. Bc5+ Kc7 38. Qd6+ 1-0

[Event "Solina Mind Sports U14 op"]
[Site "Solina"]
[Date "2012.04.17"]
[Round "4"]
[White "Delekta, Filip"]
[Black "Kindler, Przemyslaw"]
[Result "1-0"]
[WhiteElo "1820"]
[BlackElo "1709"]
[PlyCount "69"]
[EventDate "2012.04.15"]
[EventType "swiss"]
[EventRounds "9"]
[EventCountry "POL"]
[SourceTitle "EXT 2014"]
[Source "ChessBase"]
[SourceDate "2013.11.20"]
[SourceVersion "1"]
[SourceVersionDate "2013.11.20"]
[SourceQuality "1"]

1. e4 c5 2. Nf3 e6 3. d4 cxd4 4. Nxd4 a6 5. Be2 Nc6 6. 0-0 Nf6 7. Nxc6 bxc6 8. e5 Nd5 9. c4 Ne7 10. Nc3 Ng6 11. f4 Bc5+ 12. Kh1 0-0 13. Ne4 Be7 14. b3 f5 15. Nd6 Qc7 16. a4 Bxd6 17. exd6 Qb6 18. a5 Qa7 19. b4 Rb8 20. Rb1 Nh8 21. c5 Rf6 22. Bd2 Ng6 23. Bc3 Rf7 24. Qd4 Bb7 25. Rf3 Re8 26. Rg3 Rf6 27. Bc4 Qb8 28. h4 Kh8 29. h5 e5 30. fxe5 Nxe5 31. Re1 Nxc4 32. Qxf6 Rxe1+ 33. Kh2 Qg8 34. Rxg7 Ne5 35. Rf7+ 1-0